000 00935nam a22002897a 4500
001 BR6004413
003 BR-BrBNA
005 20230928083207.0
007 ta
008 230509b bl.||||| |||| 00| 0 por d
040 _aBR-BrBNA
_bpor
_cBiblioteca Nacional de Agricultura
041 _a(Por)
072 _aF00; F60
_b0336
_b/G514
090 _ 0336 BR6004413
100 1 _aSandoval, O.V.
110 1 _aUniversidade Federal Rural do Rio de Janeiro, Itaguai (Brasil)
_0Tese (Magister Scientiae)
_911225
245 1 _aGranacao da soja (Glycine max L.)em diversas epocas de plantio na area da Universidade Federal Rural do Rio de Janeiro [Brasil]
260 3 _aItaguai, RJ (Brasil):
_c1968.
300 _a93 p.
500 _aBibliography p. 89-93 (54 ref.); Summary (Por)
650 _aPlantio
650 _aFotoperiodismo
650 _aGerminacao
650 _aSoja
909 _a202309
_bLucia
_c55
_dLucia Elande
942 _cBK
999 _c12078
_d12078